000
00328 a2200157 4500
001
44884
020
_a
040
_c
Anchieta - Aquarius
100
_a
Brasileiro, Jonar
240
1
0
_a
Poesia da paz
_l
por
245
1
0
_a
Poesia da paz
300
_a
24
362
0
_a
2007
650
4
_a
Literatura infanto-juvenil
942
_c
BK
999
_c
44884
_d
44884